[Event "World Chess Olympiad 2018"]
[Site "Batumi"]
[Date "2018.10.02"]
[Round "8"]
[Board "4"]
[WhiteFideId "5004985"]
[White "Sasikiran Krishnan"]
[BlackFideId "304760"]
[Black "Stocek Jiri"]
[Result "1-0"]
[LiveChessVersion "1.4.8"]
[BlackElo "2574"]
[WhiteElo "2672"]

1. e4 {[%clk 1:30:56]} e6 {[%clk 1:29:37]} 2. d4 {[%clk 1:31:00]} d5
{[%clk 1:29:58]} 3. Nc3 {[%clk 1:31:05]} Bb4 {[%clk 1:28:45]} 4. e5
{[%clk 1:31:00]} c5 {[%clk 1:28:39]} 5. a3 {[%clk 1:31:02]} Ba5 {[%clk 1:27:30]}
6. b4 {[%clk 1:27:16]} cxd4 {[%clk 1:23:22]} 7. Nb5 {[%clk 1:26:03]} Bc7
{[%clk 1:22:54]} 8. f4 {[%clk 1:25:10]} Bd7 {[%clk 1:21:45]} 9. Nxc7+
{[%clk 1:24:52]} Qxc7 {[%clk 1:22:09]} 10. Nf3 {[%clk 1:24:26]} Ba4
{[%clk 1:16:05]} 11. Bd3 {[%clk 1:17:29]} Ne7 {[%clk 1:12:28]} 12. O-O
{[%clk 1:16:26]} a6 {[%clk 1:02:48]} 13. f5 {[%clk 0:58:28]} Nxf5
{[%clk 1:00:31]} 14. Bxf5 {[%clk 0:56:37]} exf5 {[%clk 1:00:54]} 15. Nxd4
{[%clk 0:56:42]} O-O {[%clk 0:54:21]} 16. Bb2 {[%clk 0:44:37]} Bd7
{[%clk 0:48:45]} 17. Nxf5 {[%clk 0:38:09]} Bxf5 {[%clk 0:48:48]} 18. Rxf5
{[%clk 0:38:30]} Nc6 {[%clk 0:47:01]} 19. Qd3 {[%clk 0:33:36]} Ne7
{[%clk 0:40:23]} 20. Rf2 {[%clk 0:29:26]} Rac8 {[%clk 0:37:11]} 21. Raf1
{[%clk 0:25:05]} Qd7 {[%clk 0:13:14]} 22. Bd4 {[%clk 0:12:16]} Rc4
{[%clk 0:12:56]} 23. Bc5 {[%clk 0:09:58]} Re4 {[%clk 0:13:08]} 24. Qg3
{[%clk 0:07:09]} Qe6 {[%clk 0:10:19]} 25. Bd6 {[%clk 0:06:15]} Rg4
{[%clk 0:09:35]} 26. Qf3 {[%clk 0:03:14]} Re4 {[%clk 0:07:54]} 27. Qg3
{[%clk 0:02:11]} Rg4 {[%clk 0:08:05]} 28. Qh3 {[%clk 0:02:30]} Rg6
{[%clk 0:07:51]} 29. Qf3 {[%clk 0:02:53]} b5 {[%clk 0:05:27]} 30. c3
{[%clk 0:01:42]} h6 {[%clk 0:05:35]} 31. h4 {[%clk 0:01:14]} Qd7 {[%clk 0:05:01]}
32. Qh5 {[%clk 0:01:08]} Kh7 {[%clk 0:01:14]} 33. Rxf7 {[%clk 0:00:43]} Rxf7
{[%clk 0:01:16]} 34. Rxf7 {[%clk 0:01:09]} d4 {[%clk 0:01:40]} 35. Qf3
{[%clk 0:00:44]} Qc6 {[%clk 0:00:47]} 36. h5 {[%clk 0:00:46]} 1-0

[Event "World Chess Olympiad 2018"]
[Site "Batumi"]
[Date "2018.10.02"]
[Round "8"]
[Board "1"]
[WhiteFideId "2285525"]
[White "Anton Guijarro David"]
[BlackFideId "1202758"]
[Black "Nisipeanu Liviu-Dieter"]
[Result "1/2-1/2"]
[LiveChessVersion "1.4.8"]
[BlackElo "2661"]
[WhiteElo "2639"]

1. e4 {[%clk 1:30:55]} e5 {[%clk 1:30:55]} 2. Nf3 {[%clk 1:31:12]} Nf6
{[%clk 1:31:19]} 3. d4 {[%clk 1:31:22]} Nxe4 {[%clk 1:31:39]} 4. dxe5
{[%clk 1:31:37]} d5 {[%clk 1:30:59]} 5. Nbd2 {[%clk 1:31:49]} Nxd2
{[%clk 1:28:26]} 6. Bxd2 {[%clk 1:32:07]} Be7 {[%clk 1:28:22]} 7. Bd3
{[%clk 1:31:48]} c5 {[%clk 1:28:05]} 8. c3 {[%clk 1:31:50]} Nc6 {[%clk 1:27:39]}
9. O-O {[%clk 1:31:32]} Bg4 {[%clk 1:23:11]} 10. Re1 {[%clk 1:30:26]} Qd7
{[%clk 1:19:35]} 11. h3 {[%clk 1:29:45]} Bf5 {[%clk 1:13:51]} 12. Bxf5
{[%clk 1:21:39]} Qxf5 {[%clk 1:14:16]} 13. b4 {[%clk 1:21:42]} O-O
{[%clk 1:02:46]} 14. bxc5 {[%clk 1:20:33]} Bxc5 {[%clk 1:00:12]} 15. Be3
{[%clk 1:20:20]} Bxe3 {[%clk 0:56:47]} 16. Rxe3 {[%clk 1:20:41]} Rad8
{[%clk 0:56:22]} 17. Qa4 {[%clk 1:17:27]} Qd7 {[%clk 0:47:36]} 18. Qf4
{[%clk 1:05:22]} d4 {[%clk 0:45:54]} 19. Rd3 {[%clk 1:03:32]} f6 {[%clk 0:46:19]}
20. exf6 {[%clk 1:03:28]} Rxf6 {[%clk 0:46:44]} 21. Qh4 {[%clk 0:51:48]} Rh6
{[%clk 0:34:12]} 22. Qg5 {[%clk 0:46:58]} Rg6 {[%clk 0:33:43]} 23. Qh5
{[%clk 0:40:49]} Qe8 {[%clk 0:29:15]} 24. Qb5 {[%clk 0:39:57]} Qf7
{[%clk 0:19:37]} 25. Nxd4 {[%clk 0:30:16]} Nxd4 {[%clk 0:15:49]} 26. Rxd4
{[%clk 0:27:10]} Rf8 {[%clk 0:15:12]} 27. Qb3 {[%clk 0:25:02]} Rb6
{[%clk 0:15:05]} 28. Qc2 {[%clk 0:22:43]} Rf6 {[%clk 0:14:55]} 29. Rf1
{[%clk 0:22:05]} h6 {[%clk 0:14:59]} 30. Qd2 {[%clk 0:19:51]} Rg6
{[%clk 0:13:10]} 31. f4 {[%clk 0:13:42]} Qe6 {[%clk 0:11:58]} 32. Kh2
{[%clk 0:12:27]} Rgf6 {[%clk 0:11:29]} 33. Re1 {[%clk 0:12:16]} Qc6
{[%clk 0:09:49]} 34. Re7 {[%clk 0:10:33]} R6f7 {[%clk 0:09:04]} 35. Rxf7
{[%clk 0:09:16]} Rxf7 {[%clk 0:09:26]} 36. Rd8+ {[%clk 0:08:27]} Rf8
{[%clk 0:09:13]} 37. Rxf8+ {[%clk 0:07:04]} Kxf8 {[%clk 0:09:38]} 38. Qd4
{[%clk 0:06:21]} b6 {[%clk 0:08:40]} 39. Kg1 {[%clk 0:05:14]} Kg8
{[%clk 0:04:49]} 40. Kf2 {[%clk 0:34:04]} Qb5 {[%clk 0:34:38]} 41. Ke3
{[%clk 0:31:07]} Qb2 {[%clk 0:29:58]} 42. Qd8+ {[%clk 0:29:11]} Kh7
{[%clk 0:30:03]} 43. Qd2 {[%clk 0:29:26]} Qa3 {[%clk 0:30:31]} 44. Ke2
{[%clk 0:24:11]} Qa4 {[%clk 0:29:56]} 45. c4 {[%clk 0:17:26]} Kg8
{[%clk 0:21:30]} 46. Kd3 {[%clk 0:17:24]} Qa3+ {[%clk 0:20:12]} 47. Ke4
{[%clk 0:16:42]} Qa4 {[%clk 0:20:29]} 48. Kd4 {[%clk 0:10:25]} Qa3
{[%clk 0:18:45]} 49. Qe2 {[%clk 0:08:35]} Kh8 {[%clk 0:17:51]} 50. Kd5
{[%clk 0:07:17]} Qc5+ {[%clk 0:16:36]} 51. Ke4 {[%clk 0:07:37]} Qc6+
{[%clk 0:13:40]} 52. Ke3 {[%clk 0:07:48]} Qc5+ {[%clk 0:13:43]} 53. Kf3
{[%clk 0:08:01]} Qh5+ {[%clk 0:13:56]} 54. Kf2 {[%clk 0:07:34]} Qc5+
{[%clk 0:12:44]} 55. Kg3 {[%clk 0:07:35]} Qc6 {[%clk 0:11:00]} 56. Qd3
{[%clk 0:06:43]} Qf6 {[%clk 0:09:25]} 57. a3 {[%clk 0:05:25]} Qb2
{[%clk 0:09:34]} 58. Kf3 {[%clk 0:05:31]} Qc1 {[%clk 0:07:05]} 59. Kg4
{[%clk 0:05:02]} Qb2 {[%clk 0:07:07]} 60. Qd8+ {[%clk 0:05:18]} Kh7
{[%clk 0:07:32]} 61. Qd3+ {[%clk 0:05:42]} Kh8 {[%clk 0:07:50]} 62. g3
{[%clk 0:05:23]} Qf6 {[%clk 0:05:46]} 63. Qd5 {[%clk 0:04:10]} Qg6+
{[%clk 0:05:29]} 64. Kf3 {[%clk 0:04:36]} Qe8 {[%clk 0:05:55]} 65. g4
{[%clk 0:04:08]} Qf8 {[%clk 0:05:33]} 66. Qd3 {[%clk 0:04:08]} Qe7
{[%clk 0:05:42]} 67. Qe3 {[%clk 0:03:30]} Qf7 {[%clk 0:05:47]} 68. Qe4
{[%clk 0:03:24]} Qf8 {[%clk 0:06:12]} 69. Qe3 {[%clk 0:03:13]} Qf7
{[%clk 0:06:24]} 70. Qd3 {[%clk 0:03:04]} Qe7 {[%clk 0:06:49]} 71. Kg2
{[%clk 0:03:10]} Qf6 {[%clk 0:06:28]} 72. Kg3 {[%clk 0:03:29]} Qe7
{[%clk 0:06:23]} 73. Kg2 {[%clk 0:03:04]} Qf6 {[%clk 0:06:36]} 74. f5
{[%clk 0:02:47]} Qe7 {[%clk 0:04:57]} 75. Kf3 {[%clk 0:02:58]} Qh4
{[%clk 0:04:56]} 76. Kf4 {[%clk 0:02:59]} Qg5+ {[%clk 0:04:31]} 77. Kg3
{[%clk 0:03:00]} Qe7 {[%clk 0:04:57]} 78. Kf2 {[%clk 0:02:43]} Qf6
{[%clk 0:02:58]} 79. Qe3 {[%clk 0:02:22]} Qc6 {[%clk 0:02:56]} 80. Qd4
{[%clk 0:02:17]} Qh1 {[%clk 0:02:43]} 81. Qd8+ {[%clk 0:02:25]} Kh7
{[%clk 0:03:08]} 82. Qd3 {[%clk 0:02:52]} Qh2+ {[%clk 0:03:15]} 83. Ke1
{[%clk 0:02:55]} Kh8 {[%clk 0:03:36]} 84. Qc3 {[%clk 0:02:06]} Kh7
{[%clk 0:03:00]} 85. Kd1 {[%clk 0:02:28]} Qg2 {[%clk 0:03:15]} 86. Qd3
{[%clk 0:02:35]} Kh8 {[%clk 0:03:28]} 87. Kc1 {[%clk 0:02:55]} Qf2
{[%clk 0:03:09]} 88. Kb1 {[%clk 0:02:45]} Qg2 {[%clk 0:03:33]} 89. a4
{[%clk 0:02:18]} Qf2 {[%clk 0:03:46]} 90. Qc3 {[%clk 0:02:20]} h5
{[%clk 0:03:23]} 91. Qc1 {[%clk 0:01:35]} Qf3 {[%clk 0:03:15]} 92. Qg5
{[%clk 0:01:27]} Qb3+ {[%clk 0:03:25]} 93. Kc1 {[%clk 0:01:27]} Qxc4+
{[%clk 0:03:34]} 1/2-1/2

[Event "World Chess Olympiad 2018"]
[Site "Batumi"]
[Date "2018.10.02"]
[Round "8"]
[Board "2"]
[WhiteFideId "4675789"]
[White "Meier Georg"]
[BlackFideId "2210622"]
[Black "Perez Candelario Manuel"]
[Result "1/2-1/2"]
[LiveChessVersion "1.4.8"]
[BlackElo "2590"]
[WhiteElo "2639"]

1. Nf3 {[%clk 1:30:57]} d6 {[%clk 1:30:56]} 2. d4 {[%clk 1:31:16]} g6
{[%clk 1:31:20]} 3. g3 {[%clk 1:31:40]} Bg7 {[%clk 1:31:46]} 4. Bg2
{[%clk 1:32:07]} Nd7 {[%clk 1:32:00]} 5. O-O {[%clk 1:32:23]} e5 {[%clk 1:32:25]}
6. dxe5 {[%clk 1:32:48]} dxe5 {[%clk 1:32:52]} 7. Nc3 {[%clk 1:33:00]} Ngf6
{[%clk 1:27:17]} 8. Nd2 {[%clk 1:32:52]} O-O {[%clk 1:24:14]} 9. a4
{[%clk 1:33:17]} Re8 {[%clk 1:17:31]} 10. Nc4 {[%clk 1:31:03]} a6
{[%clk 1:11:19]} 11. Qd2 {[%clk 1:18:53]} Qe7 {[%clk 1:05:35]} 12. b3
{[%clk 1:14:12]} e4 {[%clk 1:02:17]} 13. Ba3 {[%clk 1:10:58]} Qe6
{[%clk 1:00:47]} 14. Ne3 {[%clk 1:11:20]} c6 {[%clk 0:53:20]} 15. a5
{[%clk 1:09:20]} Ng4 {[%clk 0:46:12]} 16. Rad1 {[%clk 1:07:14]} Ndf6
{[%clk 0:37:14]} 17. Na4 {[%clk 1:07:08]} Nxe3 {[%clk 0:15:54]} 18. fxe3
{[%clk 0:52:10]} Nd7 {[%clk 0:15:57]} 19. Rf4 {[%clk 0:50:41]} f5
{[%clk 0:16:08]} 20. g4 {[%clk 0:51:09]} Be5 {[%clk 0:14:36]} 21. gxf5
{[%clk 0:37:45]} gxf5 {[%clk 0:15:03]} 22. Kh1 {[%clk 0:38:09]} Nf6
{[%clk 0:09:00]} 23. Nb6 {[%clk 0:38:00]} Rb8 {[%clk 0:09:10]} 24. Rg1
{[%clk 0:35:12]} Ng4 {[%clk 0:07:30]} 25. h3 {[%clk 0:34:31]} h5 {[%clk 0:06:17]}
26. Nc4 {[%clk 0:21:51]} Bxf4 {[%clk 0:06:42]} 27. exf4 {[%clk 0:22:12]} Qf6
{[%clk 0:05:18]} 28. Qe1 {[%clk 0:14:55]} Be6 {[%clk 0:04:56]} 29. Bb2
{[%clk 0:11:56]} Qe7 {[%clk 0:04:30]} 30. Qc3 {[%clk 0:11:06]} Kh7
{[%clk 0:04:03]} 31. hxg4 {[%clk 0:09:07]} Bxc4 {[%clk 0:03:39]} 32. bxc4
{[%clk 0:02:51]} hxg4 {[%clk 0:04:06]} 33. Rb1 {[%clk 0:01:36]} Kg6
{[%clk 0:03:29]} 34. Kg1 {[%clk 0:01:27]} Rbd8 {[%clk 0:03:25]} 35. Ba3
{[%clk 0:01:05]} Qh4 {[%clk 0:03:05]} 36. Bc5 {[%clk 0:00:37]} Rd7
{[%clk 0:02:54]} 37. Bf2 {[%clk 0:00:55]} Qd8 {[%clk 0:01:57]} 38. Bf1
{[%clk 0:01:05]} Rh8 {[%clk 0:00:46]} 39. Qe5 {[%clk 0:00:51]} Re8
{[%clk 0:00:56]} 40. Qc3 {[%clk 0:30:59]} 1/2-1/2

[Event "World Chess Olympiad 2018"]
[Site "Batumi"]
[Date "2018.10.02"]
[Round "8"]
[Board "3"]
[WhiteFideId "2212943"]
[White "Lopez Martinez Josep Manuel"]
[BlackFideId "11600454"]
[Black "Fridman Daniel"]
[Result "0-1"]
[LiveChessVersion "1.4.8"]
[BlackElo "2591"]
[WhiteElo "2581"]

1. d4 {[%clk 1:30:25]} d5 {[%clk 1:30:55]} 2. c4 {[%clk 1:30:40]} e6
{[%clk 1:31:21]} 3. Nc3 {[%clk 1:30:42]} Be7 {[%clk 1:31:45]} 4. cxd5
{[%clk 1:29:30]} exd5 {[%clk 1:32:07]} 5. Bf4 {[%clk 1:29:40]} Nf6
{[%clk 1:32:33]} 6. e3 {[%clk 1:28:28]} Bf5 {[%clk 1:32:57]} 7. h3
{[%clk 1:24:26]} O-O {[%clk 1:31:11]} 8. g4 {[%clk 1:19:02]} Be4 {[%clk 1:21:14]}
9. f3 {[%clk 1:18:49]} Bg6 {[%clk 1:21:37]} 10. h4 {[%clk 1:18:04]} h6
{[%clk 1:11:47]} 11. Bd3 {[%clk 1:13:13]} c5 {[%clk 0:44:04]} 12. Bxg6
{[%clk 1:06:18]} cxd4 {[%clk 0:43:04]} 13. Bb1 {[%clk 0:51:34]} dxc3
{[%clk 0:43:02]} 14. bxc3 {[%clk 0:51:37]} h5 {[%clk 0:20:09]} 15. g5
{[%clk 0:50:52]} Ne8 {[%clk 0:20:24]} 16. Ne2 {[%clk 0:49:20]} g6
{[%clk 0:16:51]} 17. Bc2 {[%clk 0:49:00]} Na6 {[%clk 0:13:57]} 18. Bb3
{[%clk 0:48:48]} Nec7 {[%clk 0:13:06]} 19. Qd2 {[%clk 0:48:08]} Re8
{[%clk 0:11:03]} 20. O-O-O {[%clk 0:44:21]} Bc5 {[%clk 0:08:17]} 21. Kb1
{[%clk 0:34:35]} Qe7 {[%clk 0:08:23]} 22. Nd4 {[%clk 0:34:58]} Rad8
{[%clk 0:07:53]} 23. Rhe1 {[%clk 0:35:07]} Bd6 {[%clk 0:06:58]} 24. Ba4
{[%clk 0:24:21]} Rf8 {[%clk 0:07:22]} 25. e4 {[%clk 0:24:28]} Bxf4
{[%clk 0:07:25]} 26. Qxf4 {[%clk 0:24:34]} dxe4 {[%clk 0:05:43]} 27. Rxe4
{[%clk 0:24:26]} Qc5 {[%clk 0:03:51]} 28. Qd2 {[%clk 0:21:31]} Nd5
{[%clk 0:03:16]} 29. Rc1 {[%clk 0:21:35]} Qb6+ {[%clk 0:01:47]} 30. Nb3
{[%clk 0:21:45]} Nc5 {[%clk 0:01:40]} 31. Rc4 {[%clk 0:20:35]} Nxa4
{[%clk 0:01:04]} 32. Rxa4 {[%clk 0:20:51]} Ne3 {[%clk 0:01:17]} 33. Qf2
{[%clk 0:18:18]} Rfe8 {[%clk 0:01:41]} 34. Rb4 {[%clk 0:17:54]} Qc6
{[%clk 0:00:50]} 35. Nd4 {[%clk 0:15:08]} Qc8 {[%clk 0:01:19]} 36. Ka1
{[%clk 0:11:54]} a6 {[%clk 0:01:44]} 37. f4 {[%clk 0:08:17]} Rd5 {[%clk 0:01:09]}
38. Nf3 {[%clk 0:07:06]} Rc5 {[%clk 0:00:47]} 39. Rb3 {[%clk 0:04:21]} Nc4
{[%clk 0:00:40]} 40. Nd4 {[%clk 0:33:05]} Na5 {[%clk 0:30:47]} 41. Ra3
{[%clk 0:23:32]} Re4 {[%clk 0:28:04]} 42. f5 {[%clk 0:11:52]} gxf5
{[%clk 0:26:21]} 43. Ne2 {[%clk 0:06:51]} f4 {[%clk 0:19:19]} 44. Nxf4
{[%clk 0:05:43]} Qf5 {[%clk 0:19:41]} 45. Rf1 {[%clk 0:04:28]} Rce5
{[%clk 0:18:29]} 46. Nd3 {[%clk 0:00:33]} Qxf2 {[%clk 0:16:37]} 47. Rxf2
{[%clk 0:00:58]} Rd5 {[%clk 0:14:51]} 48. Nf4 {[%clk 0:00:51]} Rf5
{[%clk 0:08:55]} 49. Rxa5 {[%clk 0:01:13]} Rxa5 {[%clk 0:09:20]} 50. Nxh5
{[%clk 0:01:38]} Rxh4 {[%clk 0:09:20]} 51. Nf6+ {[%clk 0:01:59]} Kf8
{[%clk 0:08:32]} 52. Rg2 {[%clk 0:02:16]} Kg7 {[%clk 0:08:42]} 53. Ne8+
{[%clk 0:02:35]} Kg6 {[%clk 0:09:01]} 54. Rf2 {[%clk 0:02:26]} Rb5
{[%clk 0:07:20]} 55. Rf1 {[%clk 0:02:06]} Rb6 {[%clk 0:07:28]} 56. a3
{[%clk 0:01:33]} Rg4 {[%clk 0:07:23]} 57. Nf6 {[%clk 0:00:40]} Rxg5
{[%clk 0:07:11]} 58. Ne4 {[%clk 0:01:04]} 0-1

[Event "World Chess Olympiad 2018"]
[Site "Batumi"]
[Date "2018.10.02"]
[Round "8"]
[Board "4"]
[WhiteFideId "4657101"]
[White "Svane Rasmus"]
[BlackFideId "3503054"]
[Black "Vazquez Igarza Renier"]
[Result "1/2-1/2"]
[LiveChessVersion "1.4.8"]
[BlackElo "2573"]
[WhiteElo "2595"]

1. d4 {[%clk 1:30:57]} d5 {[%clk 1:30:09]} 2. c4 {[%clk 1:31:23]} e6
{[%clk 1:30:00]} 3. Nc3 {[%clk 1:29:05]} Be7 {[%clk 1:29:30]} 4. Bf4
{[%clk 1:24:40]} Nf6 {[%clk 1:29:28]} 5. e3 {[%clk 1:25:05]} O-O {[%clk 1:28:13]}
6. Nf3 {[%clk 1:22:59]} c5 {[%clk 1:28:17]} 7. dxc5 {[%clk 1:22:37]} Bxc5
{[%clk 1:28:30]} 8. cxd5 {[%clk 1:18:24]} Nxd5 {[%clk 1:26:17]} 9. Nxd5
{[%clk 1:18:52]} exd5 {[%clk 1:26:46]} 10. Bd3 {[%clk 1:16:54]} Bb4+
{[%clk 1:25:48]} 11. Nd2 {[%clk 1:17:19]} Re8 {[%clk 1:20:21]} 12. O-O
{[%clk 1:16:23]} Nc6 {[%clk 1:20:35]} 13. Rc1 {[%clk 1:02:54]} Bf8
{[%clk 1:15:50]} 14. Nf3 {[%clk 0:53:56]} g6 {[%clk 0:52:47]} 15. Bb5
{[%clk 0:23:15]} Qb6 {[%clk 0:48:13]} 16. Qb3 {[%clk 0:21:02]} Bg7
{[%clk 0:45:07]} 17. Rfd1 {[%clk 0:20:16]} Bf5 {[%clk 0:31:17]} 18. Bxc6
{[%clk 0:09:31]} bxc6 {[%clk 0:29:14]} 19. Qxb6 {[%clk 0:09:16]} axb6
{[%clk 0:29:37]} 20. Rxc6 {[%clk 0:09:40]} Rxa2 {[%clk 0:27:12]} 21. Rxb6
{[%clk 0:07:19]} Bc2 {[%clk 0:23:29]} 22. Rf1 {[%clk 0:05:56]} Rxb2
{[%clk 0:15:53]} 23. Rxb2 {[%clk 0:05:56]} Bxb2 {[%clk 0:16:21]} 24. h3
{[%clk 0:05:24]} f6 {[%clk 0:13:15]} 25. Re1 {[%clk 0:04:39]} Be4
{[%clk 0:12:11]} 26. Rd1 {[%clk 0:04:27]} g5 {[%clk 0:11:30]} 27. Bd6
{[%clk 0:03:38]} Rc8 {[%clk 0:10:08]} 28. Nd4 {[%clk 0:03:57]} Rc1
{[%clk 0:05:27]} 29. Rxc1 {[%clk 0:04:23]} Bxc1 {[%clk 0:05:55]} 30. Bb4
{[%clk 0:04:17]} Bb2 {[%clk 0:06:00]} 31. Nb5 {[%clk 0:03:26]} Bd3
{[%clk 0:05:35]} 32. Bc3 {[%clk 0:03:34]} Bxb5 {[%clk 0:05:58]} 1/2-1/2

[Event "World Chess Olympiad 2018"]
[Site "Batumi"]
[Date "2018.10.02"]
[Round "8"]
[Board "1"]
[WhiteFideId "2805677"]
[White "Gelfand Boris"]
[BlackFideId "400041"]
[Black "Adams Michael"]
[Result "1/2-1/2"]
[LiveChessVersion "1.4.8"]
[BlackElo "2712"]
[WhiteElo "2703"]

1. d4 {[%clk 1:30:57]} Nf6 {[%clk 1:30:55]} 2. c4 {[%clk 1:31:25]} e6
{[%clk 1:31:19]} 3. g3 {[%clk 1:31:51]} d5 {[%clk 1:31:43]} 4. Bg2
{[%clk 1:32:18]} dxc4 {[%clk 1:31:39]} 5. Nf3 {[%clk 1:32:40]} c5
{[%clk 1:31:57]} 6. O-O {[%clk 1:32:38]} Nc6 {[%clk 1:32:22]} 7. Qa4
{[%clk 1:32:30]} Bd7 {[%clk 1:32:40]} 8. dxc5 {[%clk 1:32:53]} Bxc5
{[%clk 1:30:52]} 9. Qxc4 {[%clk 1:31:39]} Be7 {[%clk 1:30:43]} 10. Nc3
{[%clk 1:31:02]} O-O {[%clk 1:29:52]} 11. Rd1 {[%clk 1:25:52]} Qa5
{[%clk 1:27:57]} 12. e4 {[%clk 1:20:03]} Rfd8 {[%clk 1:21:04]} 13. Qe2
{[%clk 1:17:34]} Ng4 {[%clk 1:10:27]} 14. h3 {[%clk 1:10:28]} Nge5
{[%clk 1:10:27]} 15. Nxe5 {[%clk 1:08:01]} Nxe5 {[%clk 1:09:22]} 16. f4
{[%clk 1:08:07]} Bc5+ {[%clk 1:02:51]} 17. Kh2 {[%clk 1:05:14]} Nc6
{[%clk 1:02:47]} 18. Be3 {[%clk 1:05:15]} f6 {[%clk 0:56:54]} 19. Bxc5
{[%clk 0:52:41]} Qxc5 {[%clk 0:57:18]} 20. e5 {[%clk 0:53:09]} fxe5
{[%clk 0:48:43]} 21. Ne4 {[%clk 0:52:47]} Qe7 {[%clk 0:44:30]} 22. fxe5
{[%clk 0:50:26]} Nxe5 {[%clk 0:33:55]} 23. Nd6 {[%clk 0:49:38]} Nf7
{[%clk 0:33:36]} 24. Nxb7 {[%clk 0:43:35]} Rdc8 {[%clk 0:33:45]} 25. Rac1
{[%clk 0:33:27]} Rxc1 {[%clk 0:28:50]} 26. Rxc1 {[%clk 0:33:53]} Rc8
{[%clk 0:29:17]} 27. Qe3 {[%clk 0:28:48]} Rxc1 {[%clk 0:20:01]} 28. Qxc1
{[%clk 0:28:42]} Qe8 {[%clk 0:20:26]} 29. Qc5 {[%clk 0:23:07]} Qb8
{[%clk 0:19:35]} 30. b4 {[%clk 0:21:45]} g6 {[%clk 0:14:40]} 31. Qe7
{[%clk 0:12:50]} Ne5 {[%clk 0:10:10]} 32. Nc5 {[%clk 0:09:12]} Qf8
{[%clk 0:08:32]} 33. Qg5 {[%clk 0:09:25]} Nf7 {[%clk 0:07:21]} 34. Qe3
{[%clk 0:05:06]} Qe7 {[%clk 0:05:17]} 35. a4 {[%clk 0:04:33]} e5 {[%clk 0:04:41]}
36. b5 {[%clk 0:04:01]} Be8 {[%clk 0:04:47]} 37. Bd5 {[%clk 0:02:40]} h5
{[%clk 0:04:15]} 38. Ne4 {[%clk 0:00:57]} Kg7 {[%clk 0:03:42]} 39. Qc5
{[%clk 0:00:48]} Qxc5 {[%clk 0:03:36]} 40. Nxc5 {[%clk 0:31:17]} Nd6
{[%clk 0:33:57]} 41. Kg2 {[%clk 0:26:58]} Kf6 {[%clk 0:30:49]} 42. Kf3
{[%clk 0:25:43]} Nf5 {[%clk 0:30:00]} 43. Ne4+ {[%clk 0:19:44]} Ke7
{[%clk 0:30:08]} 44. Ke2 {[%clk 0:19:47]} Nd6 {[%clk 0:24:56]} 45. Kd3
{[%clk 0:17:00]} Bd7 {[%clk 0:20:18]} 46. Nf2 {[%clk 0:16:38]} Kd8
{[%clk 0:16:36]} 47. Kc3 {[%clk 0:10:58]} Kc7 {[%clk 0:16:34]} 48. Kb4
{[%clk 0:08:22]} e4 {[%clk 0:10:45]} 49. Nxe4 {[%clk 0:06:41]} Bxh3
{[%clk 0:11:00]} 50. Nxd6 {[%clk 0:04:40]} Kxd6 {[%clk 0:11:27]} 51. Bf7
{[%clk 0:03:36]} Bf5 {[%clk 0:10:01]} 52. a5 {[%clk 0:03:25]} Bd3
{[%clk 0:09:06]} 53. Be8 {[%clk 0:02:57]} Ke7 {[%clk 0:08:05]} 54. b6
{[%clk 0:02:38]} axb6 {[%clk 0:08:16]} 55. axb6 {[%clk 0:03:05]} Kd8
{[%clk 0:07:59]} 56. Kc3 {[%clk 0:02:19]} Bb1 {[%clk 0:07:15]} 57. Kd4
{[%clk 0:02:35]} Kc8 {[%clk 0:07:04]} 58. Ke5 {[%clk 0:02:54]} Kb7
{[%clk 0:06:34]} 59. Kf6 {[%clk 0:03:17]} Bf5 {[%clk 0:05:10]} 60. Bxg6
{[%clk 0:03:30]} Bh3 {[%clk 0:04:50]} 61. Bxh5 {[%clk 0:02:04]} Kxb6
{[%clk 0:05:16]} 62. Bg6 {[%clk 0:01:51]} Bg4 {[%clk 0:04:44]} 63. Bf5
{[%clk 0:01:46]} Be2 {[%clk 0:04:35]} 64. Kg5 {[%clk 0:02:08]} Kc5
{[%clk 0:04:38]} 65. Bg4 {[%clk 0:02:32]} Bb5 {[%clk 0:04:10]} 66. Kf6
{[%clk 0:02:39]} Kd4 {[%clk 0:04:08]} 67. Bf5 {[%clk 0:01:29]} Be2
{[%clk 0:04:29]} 1/2-1/2